000 00538nam a2200217Ia 4500
003 OSt
005 20221005132811.0
006 a|||||r|||| 00| 0
007 ta
008 221004b |||||||| |||| 00| 0 kan d
024 _a45946
037 _cTextual
040 _aCRL
_cCRL
_bkan
041 _2kan
_akan
082 _aQ2wM5, 33L2
100 _aGundappa
_9630048
245 0 _aVaidica Dharma sampra dayastharu
650 _aRELIGION
942 _hQ2wM5, 33L2
_cTEXL
_2cc
999 _c1064852
_d1064852